[Event "AUTO-ELITE-2343"]
[Site "http://www.queenalice.com/game.php?id=1763765"]
[Date "2021.7.5"]
[Round "1"]
[White "Sidinei"]
[Black "Sexxy_Bunny"]
[Result "0-1"]
[WhiteElo "2676"]
[BlackElo "2760"]

1. e4 c5 2. Nf3 d6 3. d4 cxd4 4. Nxd4 Nf6 5. Nc3 a6 6. Be3 e5 7. Nb3 Be6 8. f3
Nbd7 9. g4 Nb6 10. g5 Nh5 11. Qd2 Be7 12. O-O-O O-O 13. Kb1 Rc8 14. Rg1 g6 15.
Qf2 Nc4 16. Bxc4 Bxc4 17. Qg2 b5 18. Nd5 Bxd5 19. Rxd5 f5 20. gxf6 Rxf6 21. a3
Rf7 22. Nc1 Rb8 23. Rgd1 Qe8 24. Bd2 a5 25. Nb3 b4 26. Rxa5 bxa3 27. Rxa3 d5 28.
Ra7 d4 0-1

[Event "AUTO-ELITE-2240"]
[Site "http://www.queenalice.com/game.php?id=1767334"]
[Date "2021.8.19"]
[Round "2"]
[White "Sidinei"]
[Black "Cuxtal"]
[Result "1-0"]
[WhiteElo "2703"]
[BlackElo "2753"]

1. e4 e5 2. Nf3 Nc6 3. Bb5 a6 4. Ba4 Nf6 5. O-O Nxe4 6. d4 b5 7. Bb3 d5 8. dxe5
Be6 9. c3 Bc5 10. Nbd2 O-O 11. Bc2 Nxf2 12. Rxf2 Bxf2+ 13. Kxf2 f6 14. Kg1 fxe5
15. Nf1 Qd7 16. a4 e4 17. Nd4 Ne5 18. b4 Qf7 19. Bg5 Bd7 20. a5 Qg6 21. Be7 Rf7
22. Bc5 Re8 23. Qe1 1-0

[Event "AUTO-ELITE-2240"]
[Site "http://www.queenalice.com/game.php?id=1767335"]
[Date "2021.8.19"]
[Round "2"]
[White "Cuxtal"]
[Black "Sidinei"]
[Result "0-1"]
[WhiteElo "2763"]
[BlackElo "2685"]

1. c4 e5 2. g3 Nf6 3. Bg2 c6 4. d4 e4 5. d5 Bb4+ 6. Bd2 Qe7 7. Nc3 O-O 8. Nh3
cxd5 9. Nxd5 Nxd5 10. cxd5 a5 11. O-O d6 12. Bg5 Qe8 13. Be3 Bxh3 14. Bxh3 Na6
15. a3 Bc5 16. Bxc5 Nxc5 17. b4 Nd7 18. Qd2 e3 19. fxe3 Nf6 20. bxa5 Qd8 21. Qb4
Re8 22. Rac1 Rxe3 0-1

[Event "AUTO-ELITE-2404"]
[Site "http://www.queenalice.com/game.php?id=1786979"]
[Date "2022.4.15"]
[Round "1"]
[White "Sidinei"]
[Black "Donidon"]
[Result "1-0"]
[WhiteElo "2687"]
[BlackElo "2236"]

1. e4 e5 2. Nf3 Nc6 3. Bb5 a6 4. Ba4 Nf6 5. O-O b5 6. Bb3 Be7 7. d4 exd4 8. e5
Ne4 9. Bd5 Nc5 10. Nxd4 Bb7 11. Nf5 Nxe5 12. Bxb7 1-0

[Event "AUTO-ELITE-2404"]
[Site "http://www.queenalice.com/game.php?id=1786980"]
[Date "2022.4.15"]
[Round "1"]
[White "Donidon"]
[Black "Sidinei"]
[Result "0-1"]
[WhiteElo "2237"]
[BlackElo "2686"]

1. e4 e5 2. f4 exf4 3. Nf3 Nf6 4. e5 Nh5 5. d4 d5 6. Bd3 g5 7. O-O Nc6 8. c3 g4
9. Ne1 f6 10. Bxf4 Nxf4 11. Rxf4 fxe5 0-1

[Event "AUTO-ELITE-2418"]
[Site "http://www.queenalice.com/game.php?id=1791837"]
[Date "2022.7.2"]
[Round "1"]
[White "raulzampronha"]
[Black "Sidinei"]
[Result "0-1"]
[WhiteElo "2237"]
[BlackElo "2689"]

1. d4 Nf6 2. c4 e6 3. Nc3 Bb4 4. Qc2 O-O 5. Bg5 c5 6. d5 exd5 7. cxd5 d6 8.
O-O-O h6 9. Bf4 Bxc3 10. bxc3 Qa5 11. f3 Bd7 12. Qb2 Ba4 13. Rd2 Nbd7 14. Bxd6
Nb6 15. Bxf8 Nfxd5 16. Bxg7 Nc4 17. Qxb7 Kxg7 0-1

[Event "AUTO-ELITE-2418"]
[Site "http://www.queenalice.com/game.php?id=1791838"]
[Date "2022.7.2"]
[Round "1"]
[White "Sidinei"]
[Black "raulzampronha"]
[Result "1-0"]
[WhiteElo "2688"]
[BlackElo "2256"]

1. e4 d6 2. d4 Nf6 3. Nc3 g6 4. Be3 c6 5. h3 Bg7 6. f4 O-O 7. Nf3 b5 8. e5 Ne8
9. Bd3 Nd7 10. h4 Nb6 11. h5 Bg4 12. hxg6 fxg6 13. Rxh7 Nc4 14. Bxc4+ bxc4 15.
Rh4 Bxf3 16. Qxf3 1-0

[Event "AUTO-ELITE-2418"]
[Site "http://www.queenalice.com/game.php?id=1791841"]
[Date "2022.7.2"]
[Round "1"]
[White "maxchessbr"]
[Black "Sidinei"]
[Result "0-1"]
[WhiteElo "2325"]
[BlackElo "2690"]

1. Nf3 d5 2. e3 Nf6 3. b3 Bf5 4. Bb2 e6 5. d4 c6 6. Nh4 Bg4 7. Nf3 Ne4 8. Be2
Nd7 9. O-O Bd6 10. h3 h5 11. Nbd2 Bxf3 12. Bxf3 Nxd2 13. Qxd2 g5 14. g3 g4 15.
hxg4 hxg4 16. Bxg4 Qg5 17. Bf3 Qf5 18. Bg2 Nf6 19. c4 Ne4 20. Qd1 Qh7 21. Re1
O-O-O 22. a3 Bxg3 23. fxg3 Qh2+ 24. Kf1 Nxg3+ 25. Kf2 Ne4+ 26. Kf1 Rdg8 27. Qc2
Rh6 0-1

[Event "AUTO-ELITE-2418"]
[Site "http://www.queenalice.com/game.php?id=1791842"]
[Date "2022.7.2"]
[Round "1"]
[White "Sidinei"]
[Black "maxchessbr"]
[Result "1-0"]
[WhiteElo "2691"]
[BlackElo "2338"]

1. e4 e5 2. Nf3 Nf6 3. Nxe5 d6 4. Nf3 Nxe4 5. d4 d5 6. Bd3 Bf5 7. O-O Bd6 8. c4
c6 9. Qb3 Qd7 10. c5 Be7 11. Ne5 Qc8 12. f3 Nxc5 13. dxc5 Bxd3 14. Nxd3 O-O 15.
Be3 Bf6 16. Nd2 Re8 17. Rae1 Na6 18. Bf2 Qd7 19. f4 Rad8 20. Ne5 Qc7 21. Qh3 b6
22. Ng4 Be7 23. Re5 f6 24. cxb6 axb6 25. Rh5 Bc5 26. Bxc5 Nxc5 27. Rxh7 Qc8 28.
Nxf6+ gxf6 29. Qh5 Rd7 30. Rh8+ 1-0

[Event "AUTO-ELITE-2427"]
[Site "http://www.queenalice.com/game.php?id=1794183"]
[Date "2022.8.13"]
[Round "1"]
[White "trompmaster"]
[Black "Sidinei"]
[Result "0-1"]
[WhiteElo "2431"]
[BlackElo "2680"]

1. Nf3 Nf6 2. d4 e6 3. g3 c5 4. Bg2 cxd4 5. O-O d5 6. Nxd4 e5 7. Nb3 Be6 8. c4
Nc6 9. cxd5 Nxd5 10. Bd2 Be7 11. Nc3 Nxc3 12. Bxc3 Qb6 13. Bd5 Rd8 14. e4 Bxd5
15. exd5 O-O 16. Qf3 Nd4 17. Bxd4 exd4 18. Rfd1 Bf6 19. Rd3 Rd7 20. Rad1 Rfd8
21. Nxd4 Rxd5 22. Nf5 Rxd3 23. Rxd3 Rxd3 24. Qxd3 Qxb2 25. Qd7 Qc1+ 26. Kg2 Qc6+
27. Qxc6 bxc6 28. Kf3 Kf8 29. Ke4 g6 30. Nd4 Bxd4 31. Kxd4 Ke8 32. h4 Kd7 33. g4
Kd6 34. g5 c5+ 35. Kc4 a5 36. a3 Kc6 37. a4 Kd6 38. f3 Kc6 39. f4 Kd6 0-1

[Event "AUTO-ELITE-2427"]
[Site "http://www.queenalice.com/game.php?id=1794184"]
[Date "2022.8.13"]
[Round "1"]
[White "Sidinei"]
[Black "trompmaster"]
[Result "1-0"]
[WhiteElo "2683"]
[BlackElo "2508"]

1. e4 d6 2. d4 Nf6 3. Nc3 e5 4. Nf3 Nbd7 5. Bc4 Be7 6. O-O O-O 7. a4 exd4 8.
Nxd4 Ne5 9. Ba2 Nc6 10. h3 Nb4 11. Bb1 c5 12. Nde2 Be6 13. Nf4 Bd7 14. Nce2 Qc7
15. g4 h6 16. c3 Nc6 17. Nd5 Qd8 18. c4 Nxd5 19. exd5 Ne5 20. Ng3 Ng6 21. f4 Bh4
22. Ne4 Qc7 23. f5 Ne5 24. f6 g5 25. Nd2 Qd8 26. Qc2 Ng6 27. Qd3 Qe8 28. Nf3 Bg3
29. Bd2 a6 30. Nxg5 hxg5 31. Qxg3 Qe5 32. Qf2 Nf4 33. Bxf4 Qxf4 34. Qxf4 gxf4
35. Re1 Rfe8 36. Bc2 f3 37. Kf2 b5 38. axb5 Rxe1 39. Rxe1 axb5 40. Re7 Rd8 41.
Kxf3 bxc4 42. h4 Bc8 43. h5 Rf8 44. h6 Ba6 45. Ra7 Bc8 46. Kf4 Kh8 47. h7 1-0

[Event "AUTO-ELITE-2445"]
[Site "http://www.queenalice.com/game.php?id=1801214"]
[Date "2022.12.4"]
[Round "1"]
[White "Sidinei"]
[Black "trompmaster"]
[Result "0-1"]
[WhiteElo "2694"]
[BlackElo "2400"]

1. e4 d6 2. d4 Nf6 3. Nc3 Nbd7 4. f4 e5 5. Nf3 exd4 6. Qxd4 c6 7. Be3 d5 8. e5
Bc5 9. Qd2 Ne4 10. Nxe4 dxe4 11. Nd4 Nb6 12. O-O-O O-O 13. Qc3 Na4 14. Qb3 Bg4
15. Rd2 Qa5 16. h3 Bc8 0-1

[Event "AUTO-ELITE-2445"]
[Site "http://www.queenalice.com/game.php?id=1801215"]
[Date "2022.12.4"]
[Round "1"]
[White "trompmaster"]
[Black "Sidinei"]
[Result "1-0"]
[WhiteElo "2509"]
[BlackElo "2680"]

1. d4 Nf6 2. c4 e6 3. Nc3 Bb4 4. Qc2 O-O 5. a3 Bxc3+ 6. Qxc3 d5 7. Bg5 c5 8. e3
cxd4 9. Qxd4 Nc6 10. Qc3 dxc4 11. Bxc4 Bd7 12. Nf3 Rc8 13. Rd1 Na5 14. b3 Nxc4
15. Bxf6 Qxf6 16. Qxf6 gxf6 17. Rxd7 Nxa3 18. O-O Rb8 19. Nd4 Rfc8 20. g4 Nc2
21. Nb5 Rd8 22. Rc7 Nb4 23. Nxa7 Rd3 24. Rb1 h5 25. gxh5 Rd2 26. h3 Nd3 27. Rf1
Kg7 28. Rd7 f5 29. Nb5 Ra8 30. Nc7 Rg8 31. Kh2 1-0

[Event "AUTO-ELITE-2418"]
[Site "http://www.queenalice.com/game.php?id=1801533"]
[Date "2022.12.8"]
[Round "2"]
[White "Sexxy_Bunny"]
[Black "Sidinei"]
[Result "1-0"]
[WhiteElo "2730"]
[BlackElo "2687"]

1. e4 e5 2. Nf3 Nc6 3. Bb5 Nf6 4. O-O Nxe4 5. d4 Nd6 6. Bxc6 dxc6 7. dxe5 Nf5 8.
Qxd8+ Kxd8 9. Nc3 Bd7 10. h3 h6 11. b3 c5 12. Rd1 Kc8 13. Nd5 a5 14. a4 Ne7 15.
c4 Nxd5 16. cxd5 b6 17. Bb2 Kb7 18. Nd2 Be7 19. Nc4 h5 20. f4 h4 21. Rd2 Bf5 22.
Kf2 c6 23. Ne3 Bd7 24. Rad1 Rae8 25. dxc6+ Bxc6 26. Nf5 Bf8 27. Rd7+ Bxd7 28.
Rxd7+ Kc6 29. Rxf7 Rd8 30. Ke2 Rd7 31. Rxd7 Kxd7 32. Ne3 1-0